000 01675aam a2200313 i 4500
001 768714001
003 CO-MdFUSB
005 20240226130321.0
008 170407t 1973-us |||| |||| 00| 0 eng d
020 _a0877849536
040 _aCO-MdFUSB
_bspa
_cCO-MdFUSB
_dCO-MdFUSBC
_erda
041 0 _aeng
082 0 4 _a23
_2G 225.61
_bG9841n
100 1 _aGuthrie, Donald (1916-)
_eautor
245 0 _aNew Testament introduction
_c/ Donald Guthrie
250 _aEdición Revisada
264 4 _aUnited States :
_bInterVarsity Press,
_c© [1990]
264 4 _c© 1990
300 _a1161 Páginas
_c; 24 cm
336 _2rdacontent
_atexto
_btxt
337 _2rdamedia
_asin mediación
_bn
338 _2rdacarrier
_avolumen
_bnc
490 _aThe master reference collection.
505 _aLos evangelios. -- El evangelio de Mateo. -- El evangelio de Marcos. -- El evangelio de Lucas. -- El problema sinóptico - La crítica de la forma y su desarrollo. -- El evangelio de Juan. -- Los actos de los apóstoles. -- La epístola a los romanos. -- Las epístolas corintias. -- La epístola a los Gálatas. -- Las epístolas de cautiverio. -- La epístola a los efesios. -- La epístola a los filipenses - La epístola a los colosenses. -- Las epístolas de Tesalónica. -- Las epístolas pastorales. -- La epístola a Filemón. -- La epístola a los hebreos. -- La epístola de Santiago. -- La primera epístola de Pedro. -- La segunda epístola de Pedro. -- Las epístolas juaninas. -- La epístola de Judas. -- El libro de la revelación.
563 _aRústico.
630 7 _aBiblia.
_pNuevo Testamento
_xCrítica, interpretación, etc.
942 _cBK
945 _aJTF-925
999 _c33351
_d33351